Al-Mustashreeqoon Wal Islam (Record no. 601)

MARC details
000 -LEADER
fixed length control field 00604nam a2200241 a 4500
020 ## - INTERNATIONAL STANDARD BOOK NUMBER
ISBN
082 00 - DEWEY DECIMAL CLASSIFICATION NUMBER
Classification number 297.29
Author Cutter HAR
100 ## - MAIN ENTRY--AUTHOR NAME
Author name Harravi, Hussain
245 ## - TITLE STATEMENT
Title Al-Mustashreeqoon Wal Islam
260 ## - PUBLICATION, DISTRIBUTION, ETC. (IMPRINT)
Place of publication Egypt
Name of publisher Maktaba-E-ilmia
Year of publication 1936
300 ## - PHYSICAL DESCRIPTION
Number of Pages 107p
500 ## - GENERAL NOTE
General note includes index and biblioraphy
505 2# - FORMATTED CONTENTS NOTE
Formatted contents note 12 Volumes in Bounded in Six Volumes
650 ## - SUBJECT ADDED ENTRY--TOPICAL TERM
Topical Term Orientalists-Islam
942 ## - ADDED ENTRY ELEMENTS (KOHA)
Koha item type Books
700 1# -
-- Harravi, Hussain
Holdings
Home library Current library Date acquired Cost, normal purchase price Full call number Accession Number Koha item type
Henry Martyn Institute Library Henry Martyn Institute Library 07/20/2007 100.00 297.29 HAR 04629 E-Books
                   Copyright © 2026 | Henry Martyn Institute | Hyderabad | TS-500052 | INDIA | Implemented by hmi.edu.in
Hit-Count:

Powered by Koha